Normal view
MARC view
- Jaakkola, Elina.
Entry Personal Name
001 - CONTROL NUMBER
- control field: 37570
003 - CONTROL NUMBER IDENTIFIER
- control field: OSt
005 - DATE AND TIME OF LATEST TRANSACTION
- control field: 20190314111114.0
008 - FIXED-LENGTH DATA ELEMENTS
- fixed length control field: 190314|| aca||aabn | a|a d
040 ## - CATALOGING SOURCE
- Original cataloging agency: OSt
- Transcribing agency: OSt
100 ## - HEADING--PERSONAL NAME
- Personal name: Jaakkola, Elina.
670 ## - SOURCE DATA FOUND
- Source citation: Work cat.: (OSt): Jaakkola, Elina., Co-creating service experience /, ©2015.
